000
00212nam a2200085Ia 4500
008
120527s9999 xx 000 0 und d
100
_a
Nat.Extension College.
245
_a
Introduction to spreadsheets.
942
_c
BK
999
_c
23806
_d
23806